Vajda János ars poeticája és költői önarcképe
Elmentve itt :
| Szerző: | |
|---|---|
| További közreműködők: | |
| Dokumentumtípus: | Szakdolgozat |
| Tárgyszavak: | |
| Online Access: | http://diploma.bibl.u-szeged.hu/46041 |
| LEADER | 00557nta a2200157 i 4500 | ||
|---|---|---|---|
| 001 | dipl46041 | ||
| 005 | 20230504094812.0 | ||
| 008 | 150119suuuu hu om 0|| hun d | ||
| 040 | |a SZTE Diploma Repozitórium |b hun | ||
| 041 | |a hun | ||
| 100 | 1 | |a Varga Sándor | |
| 245 | 1 | 0 | |a Vajda János ars poeticája és költői önarcképe |h [elektronikus dokumentum] / |c Sándor Varga |
| 650 | 4 | |a Bölcsészettudományok | |
| 650 | 4 | |a Humanities | |
| 700 | 1 | |a Nacsády József |e ths | |
| 856 | 4 | 0 | |u https://diploma.bibl.u-szeged.hu/id/eprint/46041/1/xxxx_varga_sandor.pdf |z Dokumentum-elérés |